[Event "ch-RUS Blitz 2016"]
[Site "Sochi RUS"]
[Date "2016.10.04"]
[Round "2.7"]
[White "Linker, Mikhail"]
[Black "Morozevich, Alexander"]
[Result "0-1"]
[BlackTitle "GM"]
[WhiteElo "2246"]
[BlackElo "2683"]
[WhiteFideId "14101734"]
[BlackFideId "4116992"]
[EventDate "2016.10.04"]

1. d4 d5 2. Nf3 Bf5 3. g3 e6 4. Bg2 h6 5. O-O Nf6 6. c4 c6 7. b3 Nbd7 8. Nc3 Be7
9. Bb2 O-O 10. Ne5 Bh7 11. f4 Bb4 12. e3 a5 13. g4 Bxc3 14. Bxc3 Ne4 15. Be1 f6
16. Nxd7 Qxd7 17. Bg3 a4 18. c5 b6 19. b4 bxc5 20. bxc5 Rfb8 21. f5 Rb2 22. Bxe4
dxe4 23. Rb1 Rxa2 24. fxe6 Qxe6 25. Rb7 Bg6 26. h4 a3 27. Qb1 Bf7 28. Rf2 Rxf2
29. Kxf2 a2 30. Rb8+ Kh7 31. Qa1 Rxb8 32. Bxb8 Qxg4 0-1

[Event "ch-RUS Blitz 2016"]
[Site "Sochi RUS"]
[Date "2016.10.04"]
[Round "2.8"]
[White "Grachev, Boris"]
[Black "Alexeev, Alexey"]
[Result "1-0"]
[WhiteTitle "GM"]
[BlackTitle "IM"]
[WhiteElo "2628"]
[BlackElo "2300"]
[WhiteFideId "4129199"]
[BlackFideId "14106663"]
[EventDate "2016.10.04"]

1. d4 Nf6 2. Bf4 g6 3. e3 Bg7 4. h3 O-O 5. Nf3 d6 6. Be2 b6 7. O-O c5 8. c3 Bb7
9. Nbd2 Nbd7 10. Bd3 a6 11. a4 Qc7 12. Bh2 Bc6 13. e4 e5 14. dxe5 Nxe5 15. Nxe5
dxe5 16. Qe2 Bb7 17. Rfd1 Nh5 18. Bc4 Nf4 19. Bxf4 exf4 20. Nf3 Rae8 21. Bd5 Re7
22. Qc4 Bc8 23. Rd2 h6 24. Rad1 Kh8 25. Qd3 g5 26. Bc4 Bb7 27. e5 Bxf3 28. Qxf3
Qxe5 29. Bxa6 f5 30. Rd6 Rf6 31. Rd8+ Kh7 32. Bd3 Kg6 33. Rd5 Qe6 34. h4 gxh4
35. Qg4+ Kf7 36. Bxf5 Qe2 37. f3 Qe3+ 38. Kh2 Qf2 39. Qh5+ Kg8 40. Rd8+ Rf8 41.
Rxf8+ Bxf8 42. Qg6+ Rg7 43. Qe6+ Kh8 44. Bh3 Qg3+ 45. Kh1 Qxh3+ 46. Qxh3 Rg3 47.
Qxh4 1-0

[Event "ch-RUS Blitz 2016"]
[Site "Sochi RUS"]
[Date "2016.10.04"]
[Round "2.9"]
[White "Tenikashvili, Georgij"]
[Black "Khairullin, Ildar"]
[Result "0-1"]
[WhiteTitle "FM"]
[BlackTitle "GM"]
[WhiteElo "2305"]
[BlackElo "2630"]
[WhiteFideId "4134605"]
[BlackFideId "4151348"]
[EventDate "2016.10.04"]

1. d4 Nf6 2. c4 e6 3. Nf3 b6 4. Nc3 Bb4 5. Qc2 Bb7 6. Bg5 h6 7. Bh4 g5 8. Bg3
Ne4 9. Be5 Bxc3+ 10. bxc3 Rg8 11. h4 d6 12. Bh2 g4 13. Nd2 Nxd2 14. Qxd2 Qxh4
15. Qf4 Nd7 16. O-O-O Qg5 17. Bg3 Rg6 18. Qxg5 hxg5 19. Rh8+ Ke7 20. Rxa8 Bxa8
21. f3 Nf6 22. e4 Nh5 23. Bf2 gxf3 24. gxf3 Rf6 25. Bg2 Bxe4 26. Be3 Bxf3 27.
Bxf3 Rxf3 28. Bxg5+ Kd7 29. Kc2 Nf6 30. Re1 d5 31. cxd5 Nxd5 32. Bd2 b5 33. a3
Nb6 34. Rb1 a6 35. Rh1 Nc4 36. Bc1 e5 37. dxe5 Nxe5 38. Rd1+ Kc6 39. Rh1 f5 40.
Rh6+ Kb7 41. Re6 Nc4 42. Rf6 a5 43. Rf7 a4 44. Rf6 f4 45. Rxf4 Nxa3+ 46. Kd1
Rxc3 47. Rf7 Nc4 48. Bf4 Nb6 0-1

[Event "ch-RUS Blitz 2016"]
[Site "Sochi RUS"]
[Date "2016.10.04"]
[Round "2.10"]
[White "Alekseev, Evgeny"]
[Black "Kovalev, Egor"]
[Result "1-0"]
[WhiteTitle "GM"]
[BlackTitle "FM"]
[WhiteElo "2636"]
[BlackElo "2339"]
[WhiteFideId "4138147"]
[BlackFideId "24124117"]
[EventDate "2016.10.04"]

1. e4 c5 2. Nf3 e6 3. d4 cxd4 4. Nxd4 Nf6 5. Nc3 d6 6. g4 h6 7. h3 Be7 8. Be3
Nc6 9. f4 a6 10. Bg2 Qc7 11. Qe2 Nxd4 12. Bxd4 e5 13. Be3 Be6 14. O-O-O O-O 15.
g5 hxg5 16. fxg5 Ne8 17. Nd5 Bxd5 18. exd5 g6 19. h4 Ng7 20. h5 Rac8 21. hxg6
fxg6 22. Be4 Qc4 23. Qxc4 Rxc4 24. Bxg6 Rg4 25. Bh7+ Kf7 26. Rdf1+ Ke8 27. Bg6+
Kd7 28. Rxf8 Bxf8 29. Rh7 Ke7 30. Kd2 b5 31. Kd3 Ra4 32. a3 Rg4 33. b3 Rg3 34.
c4 bxc4+ 35. bxc4 Kd8 36. Rh8 Ke7 37. c5 dxc5 38. Ke2 Rg2+ 39. Kf3 1-0

[Event "ch-RUS Blitz 2016"]
[Site "Sochi RUS"]
[Date "2016.10.04"]
[Round "2.12"]
[White "Bocharov, Dmitry"]
[Black "Sanin, Andrey"]
[Result "1/2-1/2"]
[WhiteTitle "GM"]
[WhiteElo "2611"]
[BlackElo "2222"]
[WhiteFideId "4138716"]
[BlackFideId "14125390"]
[EventDate "2016.10.04"]

1. e4 e5 2. Nf3 d5 3. exd5 e4 4. Qe2 Nf6 5. d3 Qxd5 6. Nbd2 Nc6 7. dxe4 Qe6 8.
c3 Bd6 9. g3 O-O 10. Bg2 Re8 11. Nd4 Nxd4 12. cxd4 c5 13. dxc5 Bxc5 14. O-O Bd7
15. b3 Bc6 16. Bb2 Nxe4 17. Nxe4 Bxe4 18. Rfe1 Bxg2 19. Qxe6 Rxe6 20. Rxe6 fxe6
21. Kxg2 Rd8 22. Bc3 Rd3 23. Rc1 Bb6 24. Rc2 Kf7 25. h4 h5 26. Kf1 Rd5 27. Ke2
Rc5 28. Rc1 g6 29. Bd2 Re5+ 30. Kf1 Rf5 31. Be1 Re5 32. Rc4 Rd5 33. a4 Ke7 34.
b4 Kd7 35. a5 Bc7 36. Bc3 Bd6 37. Ke2 b5 38. axb6 axb6 39. Bd2 b5 40. Re4 Be7
41. f3 Bf6 42. Be1 Re5 43. Rxe5 Bxe5 44. Kd3 Bd6 45. Ke4 Ke7 46. g4 Kf7 47. g5
Ke7 48. f4 Kd7 1/2-1/2

[Event "ch-RUS Blitz 2016"]
[Site "Sochi RUS"]
[Date "2016.10.04"]
[Round "2.14"]
[White "Sakaev, Konstantin"]
[Black "Shandrygin, Nikita"]
[Result "1/2-1/2"]
[WhiteTitle "GM"]
[BlackTitle "FM"]
[WhiteElo "2594"]
[BlackElo "2222"]
[WhiteFideId "4104226"]
[BlackFideId "24198668"]
[EventDate "2016.10.04"]

1. d4 Nf6 2. c4 g6 3. Nc3 d5 4. e3 Bg7 5. Nf3 O-O 6. Qb3 c6 7. Be2 e6 8. O-O b6
9. Rd1 Bb7 10. Qc2 Nbd7 11. b3 Rc8 12. Ba3 Re8 13. Rac1 Qc7 14. b4 Qb8 15. Rb1
dxc4 16. Bxc4 Nd5 17. e4 Nxc3 18. Qxc3 c5 19. bxc5 Nxc5 20. Bxc5 Rxc5 21. Qb3
Rcc8 22. d5 exd5 23. Bxd5 Bxd5 24. exd5 Qd6 25. Qa4 Re7 26. h3 1/2-1/2

[Event "ch-RUS Blitz 2016"]
[Site "Sochi RUS"]
[Date "2016.10.04"]
[Round "2.15"]
[White "Bochkarev, Yuriy"]
[Black "Pridorozhni, Aleksei"]
[Result "0-1"]
[BlackTitle "GM"]
[WhiteElo "2202"]
[BlackElo "2579"]
[WhiteFideId "24167231"]
[BlackFideId "4127870"]
[EventDate "2016.10.04"]

1. d4 d6 2. Nf3 Bg4 3. h3 Bxf3 4. exf3 c6 5. c3 d5 6. Bd3 e6 7. O-O Bd6 8. b4
Nd7 9. a4 a5 10. b5 c5 11. c4 dxc4 12. Bxc4 cxd4 13. Bb2 Be5 14. Bxd4 Bxd4 15.
Qxd4 Qf6 16. Rd1 Qxd4 17. Rxd4 Ngf6 18. g4 h6 19. Nc3 Ke7 20. Rad1 Rhd8 21. Bd3
Nc5 22. Be4 Rxd4 23. Rxd4 Rd8 24. Rxd8 Kxd8 25. Kf1 Kc7 26. Ke2 Kd6 27. Kd2 Nd5
28. Bxd5 exd5 29. Ke3 Ne6 30. f4 d4+ 0-1

[Event "ch-RUS Blitz 2016"]
[Site "Sochi RUS"]
[Date "2016.10.04"]
[Round "2.16"]
[White "Popov, Ivan RUS"]
[Black "Mikhailovsky, Vladimir"]
[Result "1-0"]
[WhiteTitle "GM"]
[WhiteElo "2596"]
[BlackElo "2202"]
[WhiteFideId "4170350"]
[BlackFideId "34105414"]
[EventDate "2016.10.04"]

1. Nf3 d5 2. g3 Nf6 3. Bg2 c6 4. O-O Bg4 5. c4 e6 6. cxd5 exd5 7. h3 Bxf3 8.
Bxf3 Nbd7 9. d3 Bd6 10. Bg2 O-O 11. e4 Re8 12. Nc3 dxe4 13. dxe4 Bc5 14. Qc2 a5
15. Kh1 Nf8 16. Rd1 Qe7 17. f4 Rad8 18. e5 Rxd1+ 19. Qxd1 N6d7 20. Ne4 Rd8 21.
Qb3 b5 22. Bd2 a4 23. Qc2 Ne6 24. Rd1 Nd4 25. Qd3 Nf8 26. Nxc5 Qxc5 27. Be3 Nfe6
28. f5 1-0

[Event "ch-RUS Blitz 2016"]
[Site "Sochi RUS"]
[Date "2016.10.04"]
[Round "2.17"]
[White "Ovod, Evgenija"]
[Black "Khismatullin, Denis"]
[Result "0-1"]
[WhiteTitle "IM"]
[BlackTitle "GM"]
[WhiteElo "2362"]
[BlackElo "2617"]
[WhiteFideId "4131827"]
[BlackFideId "4142578"]
[EventDate "2016.10.04"]

1. d4 d6 2. Nf3 Nf6 3. Bg5 Nbd7 4. e3 h6 5. Bh4 g5 6. Bg3 Ne4 7. Nbd2 Nxg3 8.
hxg3 Bg7 9. c3 e6 10. Bd3 Qe7 11. Qc2 a6 12. O-O-O b5 13. g4 c5 14. dxc5 Nxc5
15. Ne4 Nxe4 16. Bxe4 d5 17. Bd3 Bb7 18. e4 Rc8 19. exd5 Bxd5 20. Kb1 O-O 21.
Bh7+ Kh8 22. Be4 b4 23. Bxd5 exd5 24. Rxd5 bxc3 25. Nxg5 f5 26. Rxf5 Rxf5 27.
Qxf5 c2+ 28. Kc1 Bxb2+ 29. Kxb2 c1=Q+ 0-1

[Event "ch-RUS Blitz 2016"]
[Site "Sochi RUS"]
[Date "2016.10.04"]
[Round "2.18"]
[White "Bologan, Victor"]
[Black "Gutkis, Vladimir"]
[Result "1-0"]
[WhiteTitle "GM"]
[BlackTitle "FM"]
[WhiteElo "2640"]
[BlackElo "2194"]
[WhiteFideId "13900048"]
[BlackFideId "4173325"]
[EventDate "2016.10.04"]

1. e4 Nf6 2. e5 Nd5 3. d4 d6 4. Nf3 Bg4 5. Be2 c6 6. c4 Bxf3 7. Bxf3 Nb6 8. exd6
Nxc4 9. dxe7 Bxe7 10. O-O Nb6 11. Nc3 N8d7 12. d5 Nxd5 13. Nxd5 cxd5 14. Qxd5
Nc5 15. Qxd8+ Rxd8 16. Be3 b6 17. b4 Nd7 18. a3 Bf6 19. Rac1 Ne5 20. Be2 O-O 21.
Rc7 Rd7 22. Rfc1 Rfd8 23. Rxd7 Rxd7 24. Rc8+ Rd8 25. Rc7 Rd7 26. Rc2 Kf8 27. f4
Ng6 28. Rc8+ Ke7 29. Bb5 Bd4 30. Kf2 Rd6 31. Rc7+ Kf6 32. Bc4 Ne7 33. Rxa7 b5
34. Bxb5 Bxa7 35. Bxa7 Rd2+ 36. Kf3 Nd5 37. Bc4 Ne7 38. Be3 Rd1 39. a4 Rb1 40.
Ke4 1-0

[Event "ch-RUS Blitz 2016"]
[Site "Sochi RUS"]
[Date "2016.10.04"]
[Round "2.19"]
[White "Gorbatov, Alexej"]
[Black "Dreev, Aleksey"]
[Result "0-1"]
[WhiteTitle "IM"]
[BlackTitle "GM"]
[WhiteElo "2374"]
[BlackElo "2660"]
[WhiteFideId "4111834"]
[BlackFideId "4100107"]
[EventDate "2016.10.04"]

1. c4 c6 2. Qa4 Nf6 3. Nc3 g6 4. e4 d6 5. d4 Bg7 6. Bg5 h6 7. Bh4 a6 8. O-O-O
Qc7 9. Nf3 Bg4 10. Be2 Nbd7 11. h3 Bxf3 12. Bxf3 O-O 13. Bg3 b5 14. Qc2 bxc4 15.
Rhe1 Nb6 16. Na4 Rab8 17. Re2 Nfd7 18. Nc5 Qa7 19. Nxd7 Qxd7 20. e5 Nd5 21. e6
Qb7 22. exf7+ Rxf7 23. Rde1 c3 24. b3 Qb4 25. Qxg6 Qa3+ 26. Kd1 c2+ 27. Rxc2 Qb4
28. Bg4 Qxd4+ 29. Ke2 0-1

[Event "ch-RUS Blitz 2016"]
[Site "Sochi RUS"]
[Date "2016.10.04"]
[Round "2.20"]
[White "Rakhmanov, Aleksandr"]
[Black "Babikov, Ivan"]
[Result "1-0"]
[WhiteTitle "GM"]
[BlackTitle "FM"]
[WhiteElo "2662"]
[BlackElo "2259"]
[WhiteFideId "4173708"]
[BlackFideId "4161106"]
[EventDate "2016.10.04"]

1. c4 e5 2. Nf3 e4 3. Nd4 c6 4. Nc3 Nf6 5. d3 d5 6. cxd5 cxd5 7. dxe4 dxe4 8.
Ndb5 Qxd1+ 9. Nxd1 Na6 10. Bg5 h6 11. Bxf6 gxf6 12. Ndc3 e3 13. fxe3 Be6 14. g3
Bc5 15. Bg2 O-O-O 16. Kf2 Rhe8 17. Ne4 Bb6 18. Nbd6+ Kb8 19. Nxe8 Rxe8 20. Rhd1
Re7 21. Nxf6 Bf5 22. Nd5 Re6 23. Nxb6 Rxb6 24. Rac1 1-0

[Event "ch-RUS Blitz 2016"]
[Site "Sochi RUS"]
[Date "2016.10.04"]
[Round "3.1"]
[White "Bryzgalin, Kirill"]
[Black "Artemiev, Vladislav"]
[Result "1/2-1/2"]
[WhiteTitle "GM"]
[BlackTitle "GM"]
[WhiteElo "2424"]
[BlackElo "2663"]
[WhiteFideId "4133285"]
[BlackFideId "24101605"]
[EventDate "2016.10.04"]

1. d4 d5 2. Nf3 Nf6 3. c3 c6 4. Bf4 Bg4 5. Nbd2 Nbd7 6. h3 Bh5 7. e3 e6 8. Be2
Be7 9. O-O O-O 10. Re1 c5 11. Ne5 Bg6 12. Nxg6 hxg6 13. Bd3 Rc8 14. Bh2 Qb6 15.
Rb1 Bd6 16. Bxd6 Qxd6 17. f4 cxd4 18. cxd4 Rc7 19. Nf3 Rfc8 20. Ne5 Ne4 21. Qa4
Nb6 22. Qa5 a6 23. a3 Nd7 24. Rbd1 Qb6 25. Qxb6 Nxb6 26. g4 Na4 27. Re2 Nd6 28.
Kg2 b5 29. h4 Nc4 30. Bxc4 bxc4 31. h5 gxh5 32. gxh5 Rb8 33. Rdd2 Rb3 34. Kf3
Rcb7 35. Rg2 Rxb2 36. Rxb2 Rxb2 37. Rg1 f6 38. Nc6 Kh7 39. f5 exf5 40. Ne7 c3
41. Nxf5 Rb7 42. e4 dxe4+ 43. Kxe4 c2 44. Rc1 Rc7 45. Ne3 Nc3+ 46. Kd3 Nb5 47.
Rxc2 Rd7 48. Nf5 Nxa3 49. Ra2 Nb5 50. Rxa6 Rd5 51. Ke4 Nc3+ 52. Kf4 Rd7 53. Rc6
Ne2+ 54. Ke3 Nxd4 55. Nxd4 Rd5 56. Rc7 Rxh5 57. Kf3 Re5 58. Kf4 Kg6 59. Nc6 Rf5+
60. Ke4 Rf1 61. Ne7+ Kg5 62. Nd5 f5+ 63. Ke3 g6 64. Ke2 Ra1 65. Rc6 Ra5 66. Ne3
Ra3 67. Kf2 Ra4 68. Nd5 Ra2+ 69. Ke3 Ra3+ 70. Kd4 Ra4+ 71. Kd3 Ra3+ 1/2-1/2

[Event "ch-RUS Blitz 2016"]
[Site "Sochi RUS"]
[Date "2016.10.04"]
[Round "3.3"]
[White "Shcherbakov, Ruslan"]
[Black "Ponkratov, Pavel"]
[Result "0-1"]
[WhiteTitle "GM"]
[BlackTitle "GM"]
[WhiteElo "2516"]
[BlackElo "2589"]
[WhiteFideId "4102240"]
[BlackFideId "4157800"]
[EventDate "2016.10.04"]

1. Nf3 d5 2. c4 e6 3. g3 dxc4 4. Qa4+ Nd7 5. Qxc4 a6 6. d3 b5 7. Qc6 Rb8 8. Bf4
Bb7 9. Qxc7 Qxc7 10. Bxc7 Rc8 11. Ba5 Ngf6 12. Nbd2 Rc2 13. Kd1 Rc8 14. Rc1
Rxc1+ 15. Kxc1 Ng4 16. h3 Nge5 17. Bc3 Bc5 18. d4 Nxf3 19. Nxf3 Bxf3 20. exf3
Bd6 21. a3 Ke7 22. f4 Rc8 23. Bg2 Bxa3 24. Kd2 Bd6 25. Kd3 Nb6 26. Ra1 Na4 27.
Bb7 Rb8 28. Be4 g6 29. b3 Nxc3 30. Kxc3 Rb6 31. Rc1 a5 32. Kd3 a4 33. Rc6 Rb8
34. bxa4 bxa4 35. Ra6 a3 36. Ra7+ Kf8 37. d5 Rd8 38. Ke2 Bc5 39. Ra5 exd5 40.
Rxc5 dxe4 41. Ra5 Rd3 42. Ra4 f5 43. g4 Rxh3 44. gxf5 gxf5 45. Ra5 Kg7 46. Rxf5
Rb3 47. Ra5 Kg6 48. Kf1 h5 49. Kg2 h4 50. Rg5+ Kf6 51. Ra5 h3+ 52. Kh2 Rf3 53.
Kg1 Ke6 54. Kh2 Kd6 55. f5 Ke7 56. Re5+ Kf6 57. Rxe4 Kxf5 58. Ra4 Ke5 59. Kg1
Kd5 60. Kf1 Kc5 61. Ke2 Rb3 0-1

[Event "ch-RUS Blitz 2016"]
[Site "Sochi RUS"]
[Date "2016.10.04"]
[Round "3.4"]
[White "Andreikin, Dmitry"]
[Black "Rozum, Ivan"]
[Result "1/2-1/2"]
[WhiteTitle "GM"]
[BlackTitle "GM"]
[WhiteElo "2736"]
[BlackElo "2590"]
[WhiteFideId "4158814"]
[BlackFideId "24104272"]
[EventDate "2016.10.04"]

1. e4 c6 2. Nf3 d5 3. Nc3 Bg4 4. h3 Bxf3 5. Qxf3 Nf6 6. d3 e6 7. Bd2 Nbd7 8. g4
g6 9. g5 Nh5 10. O-O-O Bg7 11. Ne2 Qb6 12. d4 dxe4 13. Qxe4 O-O-O 14. c3 Qa5 15.
Kb1 Qd5 16. Qxd5 exd5 17. h4 Bf8 18. Ng3 Nxg3 19. fxg3 Bd6 20. Bh3 Kc7 21. Rdf1
Rdf8 22. Bf4 f5 23. gxf6 Bxf4 24. gxf4 Nxf6 25. Kc2 Nh5 26. Re1 Kd8 27. f5 gxf5
28. Re5 Ng3 29. Rhe1 f4 30. Re7 Re8 31. Rd7+ Kc8 32. Rde7+ Kd8 33. Rd7+ Kc8 34.
Rxh7+ Kb8 35. Rxe8+ Rxe8 36. Rf7 Re2+ 37. Kb3 Rh2 38. Be6 Rxh4 39. Kb4 b6 40. c4
Ne2 41. cxd5 Nxd4 42. Kc3 f3 43. Rf8+ Kc7 44. Bg8 cxd5 45. Bxd5 Kd6 46. Bxf3
Nxf3 47. Rxf3 a5 1/2-1/2

[Event "ch-RUS Blitz 2016"]
[Site "Sochi RUS"]
[Date "2016.10.04"]
[Round "3.5"]
[White "Tregubov, Pavel V."]
[Black "Morozevich, Alexander"]
[Result "0-1"]
[WhiteTitle "GM"]
[BlackTitle "GM"]
[WhiteElo "2586"]
[BlackElo "2683"]
[WhiteFideId "4115341"]
[BlackFideId "4116992"]
[EventDate "2016.10.04"]

1. d4 d5 2. c4 e5 3. dxe5 d4 4. Nf3 Nc6 5. a3 Nge7 6. e3 Nf5 7. exd4 Nfxd4 8.
Nxd4 Qxd4 9. Be2 Be6 10. O-O O-O-O 11. Qa4 Qxe5 12. Nc3 Nd4 13. Be3 Bd6 14. g3
Nxe2+ 15. Nxe2 a6 16. Rac1 Bh3 17. c5 Qd5 18. f3 Bxf1 19. Kxf1 Qxf3+ 20. Bf2
Rhe8 21. Nd4 Qd3+ 22. Kg1 Be5 23. Nb3 Qb5 24. Qg4+ Kb8 25. Qf3 Rd3 0-1

[Event "ch-RUS Blitz 2016"]
[Site "Sochi RUS"]
[Date "2016.10.04"]
[Round "3.6"]
[White "Grachev, Boris"]
[Black "Levin, Evgeny A."]
[Result "1/2-1/2"]
[WhiteTitle "GM"]
[BlackTitle "GM"]
[WhiteElo "2628"]
[BlackElo "2505"]
[WhiteFideId "4129199"]
[BlackFideId "4182596"]
[EventDate "2016.10.04"]

1. d4 Nf6 2. Nf3 e6 3. Bf4 b6 4. e3 Bb7 5. h3 Be7 6. Bd3 O-O 7. O-O c5 8. c3 Nc6
9. Nbd2 d5 10. Qe2 Nd7 11. Rad1 c4 12. Bc2 f5 13. Ne5 Ncxe5 14. Bxe5 Nxe5 15.
dxe5 Qe8 16. f4 Kh8 17. g4 g6 18. Nf3 b5 19. Kh2 a5 20. Rg1 Rg8 21. Rg3 Qf7 22.
Nd4 b4 23. Ba4 Bc5 24. Rdg1 Bxd4 25. exd4 Raf8 26. g5 Bc8 27. h4 Bd7 28. Bxd7
Qxd7 29. h5 Rg7 30. Rh3 Kg8 31. Kg3 Kf7 32. hxg6+ hxg6 33. Rgh1 Rfg8 34. Qc2 Qb5
35. R1h2 Rb8 36. Rh8 Rbg8 37. Qc1 Qa4 38. b3 Qb5 39. Rxg8 Rxg8 40. Rh7+ Rg7 41.
Qh1 Qe8 42. Qh6 Qf8 43. Rh8 Rg8 44. Rh7+ Rg7 45. Rh8 Rg8 46. Rh7+ Rg7 47. Rh8 1/2-1/2

[Event "ch-RUS Blitz 2016"]
[Site "Sochi RUS"]
[Date "2016.10.04"]
[Round "3.7"]
[White "Yuffa, Daniil"]
[Black "Khairullin, Ildar"]
[Result "1/2-1/2"]
[WhiteTitle "IM"]
[BlackTitle "GM"]
[WhiteElo "2534"]
[BlackElo "2630"]
[WhiteFideId "24131423"]
[BlackFideId "4151348"]
[EventDate "2016.10.04"]

1. d4 d5 2. c4 c6 3. Nc3 Nf6 4. Nf3 dxc4 5. a4 e6 6. e3 c5 7. Bxc4 Nc6 8. O-O
Be7 9. Qe2 O-O 10. Rd1 cxd4 11. exd4 Nb4 12. Ne5 b6 13. Qf3 Rb8 14. Bg5 Bb7 15.
Qh3 Nfd5 16. Nxd5 Nxd5 17. Bd3 f5 18. Bd2 Bf6 19. Re1 Rc8 20. Rad1 Qd6 21. Bb5
Rc7 22. Nc4 Qe7 23. Ne5 Qd6 24. Nc4 Qe7 25. Ne5 Qd6 1/2-1/2

[Event "ch-RUS Blitz 2016"]
[Site "Sochi RUS"]
[Date "2016.10.04"]
[Round "3.8"]
[White "Alekseev, Evgeny"]
[Black "Moiseenko, Vadim"]
[Result "1/2-1/2"]
[WhiteTitle "GM"]
[BlackTitle "IM"]
[WhiteElo "2636"]
[BlackElo "2528"]
[WhiteFideId "4138147"]
[BlackFideId "4123700"]
[EventDate "2016.10.04"]

1. Nf3 Nf6 2. c4 b6 3. g3 Bb7 4. Bg2 e6 5. d4 d5 6. cxd5 Bxd5 7. O-O Nbd7 8. Nc3
Bb7 9. Qc2 Be7 10. Nb5 c5 11. dxc5 Be4 12. Qc3 Nxc5 13. b4 Na6 14. a3 Qd7 15.
Nbd4 Rc8 16. Qe3 Qb7 17. Bb2 O-O 18. Rac1 Rfd8 19. h3 Nc7 20. Rfd1 Ncd5 21. Qb3
b5 22. Bf1 a6 23. Ne5 Nb6 24. Ba1 1/2-1/2

[Event "ch-RUS Blitz 2016"]
[Site "Sochi RUS"]
[Date "2016.10.04"]
[Round "3.9"]
[White "Lugovskoy, Maxim"]
[Black "Matlakov, Maxim"]
[Result "0-1"]
[WhiteTitle "IM"]
[BlackTitle "GM"]
[WhiteElo "2436"]
[BlackElo "2691"]
[WhiteFideId "24126454"]
[BlackFideId "4168003"]
[EventDate "2016.10.04"]

1. d4 Nf6 2. Nc3 d5 3. Bf4 Bf5 4. f3 e6 5. g4 Bg6 6. h4 h6 7. e3 Bd6 8. Nh3 c5
9. Nb5 Bxf4 10. Nxf4 Nc6 11. Nxg6 fxg6 12. dxc5 O-O 13. Qd2 Qe7 14. Bd3 Qxc5 15.
Nc7 Ne5 16. Nxe6 Nxf3+ 17. Ke2 Qd6 18. Qc3 Qxe6 19. Raf1 Qxg4 20. Rxf3 Ne4 0-1

[Event "ch-RUS Blitz 2016"]
[Site "Sochi RUS"]
[Date "2016.10.04"]
[Round "3.10"]
[White "Bocharov, Dmitry"]
[Black "Antonenko, Vladimir"]
[Result "1-0"]
[WhiteTitle "GM"]
[BlackTitle "FM"]
[WhiteElo "2611"]
[BlackElo "2311"]
[WhiteFideId "4138716"]
[BlackFideId "24159409"]
[EventDate "2016.10.04"]

1. Nf3 Nf6 2. g3 d5 3. Bg2 c6 4. c4 dxc4 5. a4 a5 6. Na3 g6 7. Nxc4 Bg7 8. O-O
O-O 9. b3 Na6 10. Bb2 Nb4 11. d3 Bf5 12. Qd2 Nd7 13. Bxg7 Kxg7 14. Nd4 Be6 15.
Nxe6+ fxe6 16. Rac1 Rf6 17. Qb2 Kg8 18. Rfd1 Qc7 19. e3 Raf8 20. Rd2 Rd8 21. d4
Nf8 22. Ne5 Qb6 23. Ng4 1-0

[Event "ch-RUS Blitz 2016"]
[Site "Sochi RUS"]
[Date "2016.10.04"]
[Round "3.11"]
[White "Oganian, Miran"]
[Black "Savchenko, Boris"]
[Result "1/2-1/2"]
[WhiteTitle "IM"]
[BlackTitle "GM"]
[WhiteElo "2450"]
[BlackElo "2613"]
[WhiteFideId "4122488"]
[BlackFideId "4147332"]
[EventDate "2016.10.04"]

1. d4 Nf6 2. c4 g6 3. Nc3 d5 4. Bf4 Bg7 5. e3 c5 6. dxc5 Qa5 7. Rc1 dxc4 8. Bxc4
O-O 9. Ne2 Qxc5 10. Nb5 Qb4+ 11. Kf1 Na6 12. Be5 Bf5 13. a3 Qa5 14. b4 Qb6 15.
Bd4 Qd8 16. f3 Rc8 17. Kf2 Rc6 18. Nxa7 Rd6 19. Qb3 Nc7 20. Nb5 Nxb5 21. Bxb5
Nd7 22. Bxg7 Kxg7 23. Qc3+ Kg8 24. Qc7 Ne5 25. Qxd8 Rfxd8 26. Nd4 Bd3 27. Kg3 h5
28. h4 Bxb5 29. Nxb5 Rd3 30. e4 Nc6 31. Nc3 Ra8 32. b5 Ne5 33. a4 e6 34. Rhd1
Rc8 35. Ne2 Ra8 36. Rxd3 Nxd3 37. Rc7 b6 38. Rb7 Rxa4 39. Rxb6 Ra2 40. Nf4 Nxf4
41. Kxf4 Rxg2 42. Rb8+ Kg7 43. b6 Rb2 44. Ke5 g5 45. hxg5 h4 46. b7 h3 47. Rc8
Rxb7 48. Rc2 Kg6 49. Kf4 e5+ 50. Kg4 Rb3 51. Rf2 Re3 52. Kxh3 Kxg5 53. Kg3 Rc3
54. Rd2 f6 55. Rd8 1/2-1/2

[Event "ch-RUS Blitz 2016"]
[Site "Sochi RUS"]
[Date "2016.10.04"]
[Round "3.12"]
[White "Sergeyev, Alexander"]
[Black "Khismatullin, Denis"]
[Result "0-1"]
[WhiteTitle "FM"]
[BlackTitle "GM"]
[WhiteElo "2400"]
[BlackElo "2617"]
[WhiteFideId "13702076"]
[BlackFideId "4142578"]
[EventDate "2016.10.04"]

1. d4 Nf6 2. Nf3 g6 3. g3 Bg7 4. Bg2 O-O 5. O-O b6 6. Ne5 c6 7. c4 Bb7 8. Nc3 d6
9. Nd3 d5 10. cxd5 Nxd5 11. Nxd5 cxd5 12. Be3 Nc6 13. Rc1 Nxd4 14. Bxd4 Bxd4 15.
Qb3 e6 16. Rfd1 Qe7 17. e3 Bf6 18. Rc2 Rfc8 19. Rdc1 Qd7 20. Rxc8+ Rxc8 21.
Rxc8+ Qxc8 22. Qa4 a5 23. e4 0-1

[Event "ch-RUS Blitz 2016"]
[Site "Sochi RUS"]
[Date "2016.10.04"]
[Round "3.13"]
[White "Bologan, Victor"]
[Black "Afanasiev, Nikita"]
[Result "1-0"]
[WhiteTitle "GM"]
[BlackTitle "FM"]
[WhiteElo "2640"]
[BlackElo "2280"]
[WhiteFideId "13900048"]
[BlackFideId "24183555"]
[EventDate "2016.10.04"]

1. e4 Nf6 2. e5 Nd5 3. d4 d6 4. Nf3 c6 5. c4 Nb6 6. Be2 Bg4 7. exd6 exd6 8. O-O
Be7 9. Qb3 O-O 10. Be3 Qc7 11. h3 Bf5 12. Nc3 N8d7 13. Bf4 Qc8 14. Rfe1 Re8 15.
Bf1 Bf8 16. g4 Bg6 17. Nh4 Rxe1 18. Rxe1 Qd8 19. Nxg6 hxg6 20. Bg3 Nf6 21. Bg2
Qd7 22. a4 Re8 23. Rxe8 Nxe8 24. a5 Nc8 25. a6 Nb6 26. axb7 Qxb7 27. Qa2 Qd7 28.
Kh2 Qc8 29. b4 Qd7 30. c5 dxc5 31. bxc5 Nc8 32. Qa4 Nf6 33. Bxc6 Qd8 34. Bg2 Be7
35. Qc4 a5 36. d5 Bf8 37. d6 Qe8 38. Nd5 Nd7 39. Qb5 Qd8 40. Nc7 Nf6 41. Qxa5 g5
42. Qa8 Nd5 43. Qxd5 g6 44. Qc4 1-0